| 000 | 01223nam a2200265 i 4500 | ||
|---|---|---|---|
| 001 | 181074 | ||
| 003 | ES-MaACL | ||
| 005 | 20231221173523.0 | ||
| 008 | 121016s2011 sp 101 0 spa d | ||
| 020 | _a978-84-8102-607-8 | ||
| 080 | _a94(460)"18/19" | ||
| 245 | 0 | 0 |
_aNuevos horizontes del pasado : _bculturas políticas , identidades y formas de representación / _cÁngeles Barrio Alonso, Jorge de Hoyos Puente, Rebeca Saavedra Arias (editores). |
| 260 |
_aSantander : _bPUbliCan-Ediciones de la Universidad de Cantabria, _c2011. |
||
| 300 |
_a277 p. ; _c24 cm + _e1 CD. |
||
| 500 | _aAcompañado de un CD-ROM con la mayoría de las ponencias presentadas en el Congreso. | ||
| 651 | 4 |
_aEspaña- _xHistoria- _yS.XIX- _vCongresos y asambleas. _98353 |
|
| 651 | 4 |
_aEspaña- _xHistoria- _yS.XX- _vCongresos y asambleas. _9148345 |
|
| 700 | 1 |
_aBarrio Alonso, Ángeles, _d1955- _925998 |
|
| 700 | 1 |
_aHoyos Puente, Jorge de. _9151615 |
|
| 700 | 1 |
_aSaavedra Arias, Rebeca. _9147998 |
|
| 710 | 2 |
_aAsociación de Historia Contemporánea. _bCongreso ( _n10º. _d2010. _cSantander) _9151616 |
|
| 852 | 4 |
_aES-MaACL _jA-12288 _9187957 _bR.148343 _cDEPO1 _dOlim: N-5293 |
|
| 942 |
_2udc _cMONOGRAFIA |
||
| 999 |
_c181074 _d181074 |
||